Homophone Spelling Click Quiz - 1 - Statistics

General Stats
  • This quiz has been taken 321 times
  • The average score is 19 of 25
Answer Stats
Hint Answer % Correct
Opposite of left Right
91%
Form letters on a surface with a pen or pencil Write
90%
Blood vessel Vein
89%
Come together with someone by arrangement Meet
88%
Propel a boat using oars Row
88%
Part of the body above the hips Waist
88%
Flesh of an animal Meat
86%
Unwanted or unusable material Waste
84%
Small circular band of precious metal Ring
83%
Lightness or strength of a colour Hue
82%
Consider retrospectively Review
80%
Letter of the Greek alphabet Rho
79%
Having an excessively high opinion of oneself Vain
79%
Extract liquid by twisting or compressing Wring
79%
Traditional ceremony Rite
76%
Fish eggs Roe
74%
Forward part of a ship Bow
72%
Large baboon of western Africa Mandrill
71%
Musical show Revue
67%
Tree branch Bough
65%
Distribute or allot something Mete
56%
Blade or sail on a windmill or turbine Vane
52%
Cut or chop Hew
49%
Person who makes or builds things Wright
49%
Spindle used to support work during machining Mandrel
45%
No matching quizzes found
Score Distribution
Percent of People with Each Score
Percentile by Number Answered
Your Score History
You have not taken this quiz